| 000 | 00806nam a22002537a 4500 | ||
|---|---|---|---|
| 005 | 20170123162316.0 | ||
| 010 | _aA-645302 | ||
| 020 | _c70.00 | ||
| 035 | _aA-645302 | ||
| 037 | _bCen Lib/Ret | ||
| 040 |
_aDPL _bUR |
||
| 082 |
_a841 _bو ص ی |
||
| 100 |
_aوصی محمّد وصی _9109141 |
||
| 245 |
_aدشت تمنا / _bوصی محمّد وصی |
||
| 246 |
_aDasht-e-tamanna / _bby wasi Mohammad wasi |
||
| 260 |
_a دہلی _bسیمنٹ پرکاشن _c1992 |
||
| 270 |
_b دہلی _aکچہ روہللہ خان دریاگنج _e110002 |
||
| 300 |
_a128p. _c19cm(Hb) |
||
| 650 |
_a ادب - اردو _9142461 |
||
| 650 |
_a اردو شاعری _9142462 |
||
| 650 |
_aLiterature -- Urdu _9142463 |
||
| 650 |
_aUrdu poetry _9142464 |
||
| 942 |
_2ddc _cUR _h841 _mو ص ی |
||
| 999 |
_c106708 _d106708 |
||